[Event "CZE-chT2A 1011"]
[Site "Czech Republic"]
[Date "2011.04.10"]
[Round "11"]
[White "Kriz, Lubos"]
[Black "Cesal, Jaroslav"]
[Result "1-0"]
[WhiteElo "2207"]
[BlackElo "2258"]
[PlyCount "78"]
[EventDate "2010.10.17"]
[EventType "team-tourn"]
[EventRounds "11"]
[EventCountry "CZE"]
[SourceTitle "EXT 2012"]
[Source "ChessBase"]
[SourceDate "2011.11.24"]
[SourceVersion "1"]
[SourceVersionDate "2011.11.24"]
[SourceQuality "1"]
[WhiteTeam "HerNyr"]
[BlackTeam "Plzen Sokol"]
[WhiteTeamCountry "CZE"]
[BlackTeamCountry "CZE"]

1. d4 d5 2. Nf3 Nf6 3. c4 e6 4. Nc3 Be7 5. e3 0-0 6. Qc2 Nbd7 7. cxd5 exd5 8. Bd3 Re8 9. 0-0 c5 10. b3 a6 11. Bb2 b5 12. dxc5 Nxc5 13. Ne2 Bb7 14. Bxf6 gxf6 15. Bxh7+ Kg7 16. Rfd1 Qb6 17. Nc3 Red8 18. Nd4 Rac8 19. Nf5+ Kf8 20. Qe2 Ne6 21. Qg4 Ke8 22. Ne2 Bf8 23. Nfd4 Rc7 24. Nf4 Nxf4 25. Qxf4 Qd6 26. Qg4 Bc8 27. Bf5 Bxf5 28. Nxf5 Qe5 29. Nd4 Bd6 30. g3 Qg5 31. Qf3 Be5 32. Rd2 Qg6 33. Rad1 Rc5 34. Nf5 b4 35. e4 Rc3 36. Qe2 Rc5 37. Qxa6 Bc3 38. Rd3 Qh5 39. Qa7 Rd7 1-0

[Event "CZE-chT2A 1011"]
[Site "Czech Republic"]
[Date "2010.12.05"]
[Round "4"]
[White "Kriz, Lubos"]
[Black "Blecha, Miroslav"]
[Result "1/2-1/2"]
[WhiteElo "2207"]
[BlackElo "2194"]
[PlyCount "20"]
[EventDate "2010.10.17"]
[EventType "team-tourn"]
[EventRounds "11"]
[EventCountry "CZE"]
[SourceTitle "EXT 2012"]
[Source "ChessBase"]
[SourceDate "2011.11.24"]
[SourceVersion "1"]
[SourceVersionDate "2011.11.24"]
[SourceQuality "1"]
[WhiteTeam "HerNyr"]
[BlackTeam "Plzen Letna"]
[WhiteTeamCountry "CZE"]
[BlackTeamCountry "CZE"]

1. Nf3 Nf6 2. c4 e6 3. Nc3 d5 4. d4 Be7 5. e3 0-0 6. Qc2 Nbd7 7. cxd5 exd5 8. Bd3 c6 9. 0-0 Re8 10. Ne2 Bd6 1/2-1/2

[Event "CZE-chT2A 1011"]
[Site "Czech Republic"]
[Date "2010.11.07"]
[Round "2"]
[White "Kriz, Lubos"]
[Black "Vavra, Pavel"]
[Result "0-1"]
[WhiteElo "2207"]
[BlackElo "2351"]
[PlyCount "103"]
[EventDate "2010.10.17"]
[EventType "team-tourn"]
[EventRounds "11"]
[EventCountry "CZE"]
[SourceTitle "EXT 2012"]
[Source "ChessBase"]
[SourceDate "2011.11.24"]
[SourceVersion "1"]
[SourceVersionDate "2011.11.24"]
[SourceQuality "1"]
[WhiteTeam "HerNyr"]
[BlackTeam "Vysehrad II"]
[WhiteTeamCountry "CZE"]
[BlackTeamCountry "CZE"]

1. Nf3 e6 2. b3 d5 3. Bb2 c5 4. e3 Nc6 5. d4 Nf6 6. Nbd2 Bd6 7. Ne5 Qc7 8. Nxc6 bxc6 9. Nf3 Ne4 10. c3 cxd4 11. exd4 c5 12. Bb5+ Bd7 13. Bxd7+ Qxd7 14. 0-0 c4 15. Nd2 Nxd2 16. Qxd2 0-0 17. b4 e5 18. Rad1 e4 19. f4 a5 20. a3 axb4 21. cxb4 Qg4 22. Rc1 h5 23. Rc3 h4 24. Bc1 f5 25. Rh3 Be7 26. Qd1 Bf6 27. Kh1 Rfc8 28. Rc3 Kf7 29. Qxg4 fxg4 30. Rd1 Ke6 31. Kg1 Be7 32. Kf2 Rf8 33. Ke3 Bd6 34. Rf1 g5 35. g3 Rf5 36. Rc2 Raf8 37. Rcf2 hxg3 38. hxg3 gxf4+ 39. gxf4 g3 40. Rg2 Bxf4+ 41. Ke2 Bxc1 42. Rxc1 Rf2+ 43. Rxf2 gxf2 44. Rf1 c3 45. b5 c2 46. b6 Kd6 47. a4 Kc6 48. a5 Kb7 49. Kd2 e3+ 50. Ke2 Rg8 51. Ra1 Rg1 52. a6+ 0-1

[Event "CZE-chT1W 0809"]
[Site "Czech Republic"]
[Date "2009.02.01"]
[Round "7.4"]
[White "Svatos, Jan"]
[Black "Kriz, Lubos"]
[Result "1-0"]
[WhiteElo "2299"]
[BlackElo "2177"]
[PlyCount "37"]
[EventDate "2008.10.19"]
[EventType "team-tourn"]
[EventRounds "11"]
[EventCountry "CZE"]
[SourceTitle "EXT 2010"]
[Source "ChessBase"]
[SourceDate "2010.11.25"]
[SourceVersion "1"]
[SourceVersionDate "2010.11.25"]
[SourceQuality "1"]
[WhiteTeam "Vrsovice"]
[BlackTeam "Praha Holdia"]
[WhiteTeamCountry "CZE"]
[BlackTeamCountry "CZE"]

1. e4 c5 2. Nf3 e6 3. d4 cxd4 4. Nxd4 a6 5. Bd3 Nc6 6. Be3 Qc7 7. 0-0 Nge7 8. c4 g6 9. Nc3 Bg7 10. Nxc6 dxc6 11. Na4 0-0 12. Bb6 Qd7 13. Be2 Qxd1 14. Raxd1 Re8 15. Rd8 Rf8 16. Rfd1 f6 17. Bc5 b5 18. Nb6 Ra7 19. Nxc8 1-0

[Event "Nachod op 0405"]
[Site "Nachod"]
[Date "2005.??.??"]
[Round "8"]
[White "Kriz, Lubos"]
[Black "Soural, Jan"]
[Result "1-0"]
[WhiteElo "2090"]
[BlackElo "2175"]
[PlyCount "131"]
[EventDate "2004.12.??"]
[EventType "swiss"]
[EventRounds "9"]
[EventCountry "CZE"]
[SourceTitle "EXT 2007"]
[Source "ChessBase"]
[SourceDate "2006.11.23"]
[SourceVersion "1"]
[SourceVersionDate "2006.11.23"]
[SourceQuality "1"]

1. e4 c5 2. Nc3 d6 3. f4 g6 4. Nf3 Bg7 5. Bb5+ Nc6 6. 0-0 Nf6 7. d4 cxd4 8. Nxd4 0-0 9. Nxc6 bxc6 10. Be2 Rb8 11. Qd3 d5 12. e5 Ng4 13. Nd1 f6 14. h3 Nh6 15. exf6 Bxf6 16. g4 Bg7 17. Be3 d4 18. Bd2 Nf7 19. b3 e5 20. Nf2 Be6 21. Rae1 Qh4 22. Bf3 Bd5 23. Kg2 Kh8 24. Re2 Rbe8 25. Rfe1 Qd8 26. Bb4 Rg8 27. c4 Bxf3+ 28. Qxf3 Qb8 29. Nd3 exf4 30. Qxc6 Re3 31. Rxe3 fxe3 32. Qd5 Qa8 33. Qxa8 Rxa8 34. Rf1 Kg8 35. Rf4 Ne5 36. Rxd4 Nc6 37. Re4 Bd4 38. Bc5 Bxc5 39. Nxc5 Rd8 40. Kf3 Rd2 41. Rxe3 Rxa2 42. Ke4 Rd2 43. Rf3 Rd4+ 44. Ke3 Rd1 45. Rf6 Ne5 46. Ra6 Nd7 47. Nxd7 Rxd7 48. b4 Kf7 49. Ke4 Ke7 50. Ke5 Rc7 51. Kd5 Rd7+ 52. Kc5 Rc7+ 53. Rc6 Rb7 54. b5 Kd8 55. Rd6+ Kc8 56. Rc6+ Kd8 57. Rf6 Rc7+ 58. Kb4 Re7 59. Ka5 Re3 60. Ka6 Ke7 61. Rc6 Ra3+ 62. Kb7 Kd7 63. Rc7+ Kd6 64. Rxh7 Kc5 65. Rc7+ Kb4 66. h4 1-0

[Event "Nachod op 0405"]
[Site "Nachod"]
[Date "2004.??.??"]
[Round "2"]
[White "Kriz, Lubos"]
[Black "Rosko, Lubos"]
[Result "1-0"]
[WhiteElo "2090"]
[BlackElo "2235"]
[PlyCount "97"]
[EventDate "2004.12.??"]
[EventType "swiss"]
[EventRounds "9"]
[EventCountry "CZE"]
[SourceTitle "EXT 2007"]
[Source "ChessBase"]
[SourceDate "2006.11.23"]
[SourceVersion "1"]
[SourceVersionDate "2006.11.23"]
[SourceQuality "1"]

1. c4 Nf6 2. g3 c5 3. Bg2 Nc6 4. Nc3 e6 5. e4 Be7 6. f4 d6 7. Nge2 0-0 8. d4 cxd4 9. Nxd4 Qb6 10. Nc2 Nb4 11. Ne3 Rd8 12. a3 Nc6 13. 0-0 Bd7 14. Kh1 Rac8 15. Na4 Qc7 16. b4 a6 17. Nc3 Qb8 18. Bb2 b5 19. cxb5 axb5 20. Qd3 Qb6 21. Rad1 Be8 22. Rfe1 Rb8 23. h3 Nh5 24. Kh2 Bf8 25. Bf1 Na7 26. Ne2 Nc6 27. g4 Nf6 28. Ng3 Be7 29. g5 Nd7 30. Rc1 Bf8 31. h4 d5 32. Ng4 d4 33. e5 Qb7 34. Ne4 Ne7 35. Bg2 Nd5 36. Qxd4 Kh8 37. Nd6 Qa6 38. Nxe8 Rxe8 39. Bxd5 exd5 40. Qxd5 Nb6 41. Qxf7 Nc4 42. Bc3 Re7 43. Qd5 Qg6 44. e6 Rb6 45. f5 Qh5 46. Kh3 Rd6 47. Qf3 Re8 48. Rcd1 Ra6 49. Rd3 1-0

[Event "Plzen op-A 10th"]
[Site "Plzen"]
[Date "2004.??.??"]
[Round "8"]
[White "Kriz, Lubos"]
[Black "Studnicka, Tomas"]
[Result "0-1"]
[WhiteElo "2070"]
[BlackElo "2300"]
[PlyCount "74"]
[EventDate "2004.08.??"]
[EventType "swiss"]
[EventRounds "9"]
[EventCountry "CZE"]
[SourceTitle "EXT 2007"]
[Source "ChessBase"]
[SourceDate "2006.11.23"]
[SourceVersion "1"]
[SourceVersionDate "2006.11.23"]
[SourceQuality "1"]

1. e4 c5 2. Nf3 Nc6 3. d4 cxd4 4. Nxd4 g6 5. Nxc6 bxc6 6. c4 Bg7 7. Qc2 Nf6 8. Be2 0-0 9. 0-0 d5 10. cxd5 cxd5 11. exd5 Nxd5 12. Nc3 Nxc3 13. bxc3 Bf5 14. Qd2 Rc8 15. Qxd8 Rfxd8 16. Be3 Bxc3 17. Rad1 Rxd1 18. Rxd1 a5 19. Bb5 Kg7 20. a4 e5 21. h3 Be6 22. Bb6 Bb4 23. Kh2 h6 24. Kg1 g5 25. Kh2 Kg6 26. Kg1 f5 27. Kh2 e4 28. f3 exf3 29. gxf3 Bb3 30. Rd7 Rc2+ 31. Kh1 Kh5 32. Rh7 Kh4 33. Rxh6+ Kg3 34. Rc6 Rd2 35. Bc7+ f4 36. Bf1 Bd5 37. Rc1 Rd1 0-1

[Event "Nachod op 0405"]
[Site "Nachod"]
[Date "2004.??.??"]
[Round "4"]
[White "Mojzis, Jan"]
[Black "Kriz, Lubos"]
[Result "1/2-1/2"]
[WhiteElo "2215"]
[BlackElo "2090"]
[PlyCount "29"]
[EventDate "2004.12.??"]
[EventType "swiss"]
[EventRounds "9"]
[EventCountry "CZE"]
[SourceTitle "EXT 2007"]
[Source "ChessBase"]
[SourceDate "2006.11.23"]
[SourceVersion "1"]
[SourceVersionDate "2006.11.23"]
[SourceQuality "1"]

1. e4 e5 2. Bc4 Nc6 3. Nf3 Nf6 4. d3 h6 5. 0-0 Bc5 6. c3 Bb6 7. Re1 0-0 8. h3 d6 9. Bb3 Na5 10. Bc2 c5 11. Nbd2 Bc7 12. Nf1 Nc6 13. N3h2 d5 14. Qf3 d4 15. Ng3 1/2-1/2

[Event "CZE-ch opA U18"]
[Site "Frymburk"]
[Date "2002.??.??"]
[Round "7"]
[White "Dopita, Bohumil"]
[Black "Kriz, Lubos"]
[Result "0-1"]
[WhiteElo "2100"]
[BlackElo "2099"]
[PlyCount "68"]
[EventDate "2002.03.??"]
[EventType "swiss"]
[EventRounds "8"]
[EventCountry "CZE"]
[SourceTitle "EXT 2004"]
[Source "ChessBase"]
[SourceDate "2003.11.25"]
[SourceVersion "1"]
[SourceVersionDate "2003.11.25"]
[SourceQuality "1"]

1. e4 e5 2. Bc4 Nc6 3. Nc3 Nf6 4. d3 h6 5. f4 Bb4 6. Nge2 d5 7. exd5 Nxd5 8. 0-0 Be6 9. Bb5 Nxc3 10. bxc3 Bxc3 11. Bxc6+ bxc6 12. Nxc3 Qd4+ 13. Kh1 Qxc3 14. Bd2 Qc5 15. f5 Bd7 16. Qe1 f6 17. Bb4 Qd4 18. c3 Qxd3 19. Rd1 Qc4 20. Rd4 Qf7 21. Bc5 Rg8 22. Qe2 g6 23. Rfd1 Bxf5 24. Qa6 exd4 25. Qxc6+ Qd7 26. Qxa8+ Kf7 27. Qxa7 d3 28. Bd4 Be4 29. Rd2 Qc6 30. Rf2 Ra8 31. Rxf6+ Qxf6 32. Qxc7+ Qe7 33. Qc4+ Qe6 34. Qc7+ Ke8 0-1

[Event "CZE-chTJ 0102"]
[Site "Czech Republic"]
[Date "2002.??.??"]
[Round "3"]
[White "Kriz, Lubos"]
[Black "Ptacnik, Petr"]
[Result "1/2-1/2"]
[WhiteElo "2108"]
[BlackElo "2129"]
[PlyCount "30"]
[EventDate "2001.??.??"]
[EventType "team"]
[EventRounds "11"]
[EventCountry "CZE"]
[SourceTitle "EXT 2003"]
[Source "ChessBase"]
[SourceDate "2002.11.25"]
[SourceVersion "1"]
[SourceVersionDate "2002.11.25"]
[SourceQuality "1"]
[WhiteTeam "Domazlice"]
[BlackTeam "Praha Dukla II"]
[WhiteTeamCountry "CZE"]
[BlackTeamCountry "CZE"]

1. c4 e6 2. g3 d5 3. Bg2 Nf6 4. Nf3 Be7 5. 0-0 0-0 6. d3 b6 7. a3 c5 8. e4 Bb7 9. e5 Nfd7 10. Qe2 Qc7 11. cxd5 Bxd5 12. Nc3 Bb7 13. Bf4 Nc6 14. Rac1 Ba6 15. Rfd1 Rad8 1/2-1/2

[Event "CZE-chTJ 0102"]
[Site "Czech Republic"]
[Date "2002.??.??"]
[Round "3"]
[White "Kriz, Lubos"]
[Black "Vojta, Tomas"]
[Result "1-0"]
[WhiteElo "2108"]
[BlackElo "2226"]
[PlyCount "81"]
[EventDate "2001.??.??"]
[EventType "team"]
[EventRounds "11"]
[EventCountry "CZE"]
[SourceTitle "EXT 2003"]
[Source "ChessBase"]
[SourceDate "2002.11.25"]
[SourceVersion "1"]
[SourceVersionDate "2002.11.25"]
[SourceQuality "1"]
[WhiteTeam "Domazlice"]
[BlackTeam "Vlasim"]
[WhiteTeamCountry "CZE"]
[BlackTeamCountry "CZE"]

1. c4 e5 2. Nc3 Nf6 3. e4 Nc6 4. a3 d6 5. Be2 g6 6. d3 Bg7 7. Bg5 h6 8. Bxf6 Bxf6 9. Bg4 0-0 10. Bxc8 Rxc8 11. Nf3 Bg7 12. 0-0 f5 13. Ne1 f4 14. f3 Qd7 15. Nc2 h5 16. b4 g5 17. b5 Nd8 18. Ne1 Ne6 19. Rf2 Kh8 20. Rb2 Rg8 21. Rab1 Bh6 22. a4 Rg6 23. a5 Rcg8 24. b6 axb6 25. axb6 c6 26. Ra1 g4 27. Nb1 Nd4 28. Raa2 h4 29. fxg4 Rxg4 30. Nd2 Rxg2+ 31. Nxg2 Qh3 32. Nf1 f3 33. Kh1 Qg4 34. Nfe3 Qg5 35. Nf5 Qh5 36. Nge3 Bf4 37. Rf2 h3 38. Qf1 Rg2 39. Rad2 Qg5 40. Nxg2 Bxd2 41. Ngh4 1-0

[Event "CZE-chTJ 0102"]
[Site "Czech Republic"]
[Date "2001.??.??"]
[Round "3"]
[White "Kriz, Lubos"]
[Black "Herejk, Petr"]
[Result "0-1"]
[WhiteElo "2108"]
[BlackElo "2173"]
[PlyCount "64"]
[EventDate "2001.??.??"]
[EventType "team"]
[EventRounds "11"]
[EventCountry "CZE"]
[SourceTitle "EXT 2003"]
[Source "ChessBase"]
[SourceDate "2002.11.25"]
[SourceVersion "1"]
[SourceVersionDate "2002.11.25"]
[SourceQuality "1"]
[WhiteTeam "Domazlice"]
[BlackTeam "Line"]
[WhiteTeamCountry "CZE"]
[BlackTeamCountry "CZE"]

1. e4 c5 2. Nc3 Nc6 3. g3 g6 4. Bg2 Bg7 5. d3 e6 6. Bf4 d6 7. Qd2 Nd4 8. Nge2 Ne7 9. Nxd4 cxd4 10. Ne2 h5 11. Qb4 e5 12. Bg5 Nc6 13. Bxd8 Nxb4 14. Bc7 Nxc2+ 15. Kd2 Nxa1 16. Bxd6 Nb3+ 17. axb3 Be6 18. f4 f6 19. Rc1 Rc8 20. Rxc8+ Bxc8 21. Ng1 Kd7 22. fxe5 fxe5 23. Bb8 Kc6 24. Nf3 Re8 25. b4 Bg4 26. b5+ Kxb5 27. Bd6 Bxf3 28. Bxf3 Bf8 29. Bxf8 Rxf8 30. Ke2 Kb4 31. g4 hxg4 32. Bxg4 Kb3 0-1

[Event "CZE-chTJ 0001"]
[Site "Czech Republic"]
[Date "2001.??.??"]
[Round "1"]
[White "Kriz, Lubos"]
[Black "Lacina, Adolf"]
[Result "1-0"]
[WhiteElo "2130"]
[BlackElo "2245"]
[PlyCount "63"]
[EventDate "2000.??.??"]
[EventType "team"]
[EventRounds "11"]
[EventCountry "CZE"]
[SourceTitle "EXT 2003"]
[Source "ChessBase"]
[SourceDate "2002.11.25"]
[SourceVersion "1"]
[SourceVersionDate "2002.11.25"]
[SourceQuality "1"]

1. c4 e5 2. Nc3 Nf6 3. g3 d5 4. cxd5 Nxd5 5. Qa4+ Nc6 6. Bg2 Nb6 7. Bxc6+ bxc6 8. Qxc6+ Bd7 9. Qe4 Bd6 10. d4 f5 11. Qd3 e4 12. Qc2 Qf6 13. e3 0-0 14. Nge2 Be8 15. h4 Bh5 16. Nb5 Nd5 17. a3 Rfc8 18. Nec3 Nb6 19. Na4 Bf7 20. Nxa7 Re8 21. Nxb6 cxb6 22. Nb5 Rec8 23. Qd1 Bb8 24. Bd2 Bc4 25. Rc1 Qe6 26. a4 Qd5 27. b3 Bxg3 28. bxc4 Rxc4 29. Rxc4 Qxc4 30. fxg3 Rxa4 31. Nd6 Qa6 32. Qb3+ 1-0

[Event "CZE-chTJ 0102"]
[Site "Czech Republic"]
[Date "2001.??.??"]
[Round "2"]
[White "Kriz, Lubos"]
[Black "Meszaros, Ludek"]
[Result "1/2-1/2"]
[WhiteElo "2108"]
[BlackElo "2244"]
[PlyCount "113"]
[EventDate "2001.??.??"]
[EventType "team"]
[EventRounds "11"]
[EventCountry "CZE"]
[SourceTitle "EXT 2003"]
[Source "ChessBase"]
[SourceDate "2002.11.25"]
[SourceVersion "1"]
[SourceVersionDate "2002.11.25"]
[SourceQuality "1"]
[WhiteTeam "Domazlice"]
[BlackTeam "Tabor II"]
[WhiteTeamCountry "CZE"]
[BlackTeamCountry "CZE"]

1. c4 c5 2. Nc3 b6 3. g3 Bb7 4. Nf3 Bxf3 5. exf3 Nc6 6. Bg2 g6 7. 0-0 Bg7 8. a3 Nh6 9. Rb1 0-0 10. f4 Rc8 11. Nd5 Nf5 12. b4 e6 13. Ne3 Nfd4 14. d3 d6 15. Bb2 Qd7 16. Qa4 Rfd8 17. Kh1 Rc7 18. Nc2 Nxc2 19. Qxc2 Bxb2 20. Qxb2 Nd4 21. b5 Qe7 22. a4 d5 23. a5 Qf6 24. axb6 axb6 25. Ra1 Qf5 26. Ra3 Rcd7 27. Rfa1 dxc4 28. Be4 Qh5 29. dxc4 f5 30. Bc6 Rd6 31. Kg2 g5 32. fxg5 Qxg5 33. Ra7 Qh5 34. Qc3 Qg4 35. f3 Qg5 36. h4 Qg6 37. Re7 f4 38. g4 Nxc6 39. bxc6 Rd2+ 40. Kh3 h5 41. Qxd2 hxg4+ 42. fxg4 Rd3+ 43. Qxd3 Qxd3+ 44. Kg2 Qe2+ 45. Kg1 Qxg4+ 46. Kf1 Qf3+ 47. Kg1 Qg3+ 48. Kh1 Qh3+ 49. Kg1 Qg3+ 50. Kf1 Qd3+ 51. Kg2 Qe4+ 52. Kh2 Qe2+ 53. Kg1 Qe3+ 54. Kh1 Qh3+ 55. Kg1 Qg4+ 56. Kf1 Qf3+ 57. Kg1 1/2-1/2